Vai trò của tòa án trong việc bảo vệ quyền con người theo tinh thần Hiến pháp năm 2013 /

Na minha lista:
Detalhes bibliográficos
Autor principal: Hoàng Hùng Hải.
Formato: Artigo
Idioma:Vietnamese
Assuntos:
Tags: Adicionar Tag
Sem tags, seja o primeiro a adicionar uma tag!
Thư viện lưu trữ: Thư viện Trường Đại học Đà Lạt
LEADER 00837nam a2200277 4500
001 DLU180188541
005 ##20181112
040 # # |a DLU  |b vie 
041 # # |a vie 
044 # # |a vn 
100 # # |a Hoàng Hùng Hải. 
245 # # |a Vai trò của tòa án trong việc bảo vệ quyền con người theo tinh thần Hiến pháp năm 2013 /  |c Hoàng Hùng Hải. 
653 # # |a Luật Hiến pháp 
653 # # |a Quyền con người 
653 # # |a Tòa án 
653 # # |a Vai trò 
773 # # |t Nhà nước và pháp luật  |g Số 2(322), 2015, tr. 8-12 
920 # # |a Phòng Tạp chí -- Trung tâm Thông tin - Thư viện Trường Đại học Đà Lạt 
994 # # |a DLU 
900 # # |a True 
911 # # |a Hoàng Thị Huyền 
925 # # |a G 
926 # # |a A 
927 # # |a BB 
980 # # |a Thư viện Trường Đại học Đà Lạt